[Event "World Corporate East E"]
[Site "Chess.com INT"]
[Date "2021.02.19"]
[Round "2.4"]
[White "Dzhugunusov, Farid"]
[Black "Preetika, Tayal"]
[Result "0-1"]
[WhiteElo "1729"]
[BlackElo "1847"]
[PlyCount "136"]
[EventDate "2021.02.19"]
[EventType "team (rapid)"]
[EventRounds "7"]
[EventCountry "USA"]
[SourceTitle "EXT 2022"]
[Source "ChessBase"]
[SourceDate "2021.10.06"]
[SourceVersion "1"]
[SourceVersionDate "2021.10.06"]
[SourceQuality "1"]
[WhiteTeam "Kaspersky"]
[BlackTeam "DE Shaw"]
[WhiteTeamCountry "RUS"]
[BlackTeamCountry "IND"]

1. e4 e6 2. d4 d5 3. Nc3 dxe4 4. Nxe4 Nf6 5. Ng3 c5 6. Nf3 Nc6 7. Bb5 Bd7 8. 0-0 cxd4 9. Bg5 Be7 10. Re1 h6 11. Bf4 Nd5 12. Be5 Nxe5 13. Bxd7+ Nxd7 14. Qxd4 Bf6 15. Qxd5 0-0 16. Qb3 Nc5 17. Qb4 Qc7 18. Rad1 a5 19. Qg4 Bxb2 20. Rb1 Bc3 21. Re3 Nd7 22. Rb3 Bf6 23. Nh5 Qxc2 24. Ne1 Qc6 25. Rg3 g6 26. Rh3 Qc1 27. Kf1 Qg5 28. Nxf6+ Nxf6 29. Qxg5 hxg5 30. Rxb7 Rfb8 31. Rhb3 Rxb7 32. Rxb7 Rc8 33. f3 Nd5 34. Rb5 Ra8 35. Kf2 Nc3 36. Rb2 Rd8 37. Rc2 Nb5 38. Kg3 f5 39. Rb2 Rd5 40. h3 Kf7 41. Nc2 Rd2 42. Rxb5 Rxc2 43. Rxa5 Kf6 44. a4 f4+ 45. Kh2 Ra2 46. Ra8 e5 47. a5 Ke6 48. a6 Kd6 49. Rg8 Kd5 50. Rxg6 Kd4 51. Rxg5 Rxa6 52. h4 Rh6 53. h5 e4 54. fxe4 Kxe4 55. Kh3 f3 56. gxf3+ Kxf3 57. Kh4 Kf4 58. Rg6 Rh8 59. Rf6+ Ke5 60. Rf7 Ke6 61. Rf2 Ke7 62. Kg5 Rg8+ 63. Kh6 Rf8 64. Kg7 Rxf2 65. h6 Rg2+ 66. Kh8 Kf6 67. h7 Re2 68. Kg8 Re8# 0-1